We Built this City Lyrics - Statistics

General Stats
  • This quiz has been taken 43 times
  • The average score is 295 of 361
Answer Stats
Lyrics % Correct
a
100%
and
100%
built
100%
Built
100%
built,
100%
(Built
100%
city
100%
city,
100%
city)
100%
rock
100%
this
100%
We
100%
we
100%
on
97%
roll
97%
the
93%
to
93%
don't
90%
Don't
90%
listen
87%
radio,
87%
remember?
87%
(Remember)
87%
you
87%
in
77%
mamba,
73%
plays
73%
know
67%
Say
67%
care
63%
games
60%
just
60%
night
60%
of
60%
Too
60%
corporation
57%
me
57%
my
57%
that
57%
us
57%
want
57%
who
57%
Who
57%
dance
53%
face
53%
Marconi
53%
off
53%
or
53%
recognize
53%
up
53%
your
53%
call
50%
for
50%
hoopla,
50%
irresponsible,
50%
Knee
50%
many
50%
page
50%
playing
50%
runaways
50%
They
50%
we're
50%
write
50%
always
47%
America,
47%
deep
47%
here,
47%
It's
47%
Looking
47%
someone
47%
cares,
43%
guitars?
43%
kind
43%
schools
43%
they're
43%
ball
40%
bar?
40%
cause
40%
changing
40%
eating
40%
goes
40%
into
40%
need
40%
our
40%
place
40%
stage
40%
tell
40%
wrecking
40%
another
37%
coming
37%
fools
37%
money
37%
names
37%
oh,
37%
ship
37%
sinking
37%
stole
37%
underneath
37%
beat
33%
rides
33%
Sunday
33%
through
33%
fight
30%
Someone's
30%
street
30%
yeah
30%
counts
27%
old
27%
tired
27%
lost
23%
have
20%
choke
17%
Police
17%
got
13%
hold,
13%
then
13%
No matching quizzes found
Score Distribution
Percent of People with Each Score
Percentile by Number Answered
Your Score History
You have not taken this quiz